BIBLIOTHÈQUE DE LA MAISON DU MEXIQUE

Logo 1 Logo 2

Un día ... (notice nᵒ 5373)

détails MARC
000 -Sello discográfico
campo de control de longitud fija 00845nam0a2200265 4500
005 - Identificación de versión
campo de control 20251016083037.0
010 ## - Número Estándar Internacional de Libros (ISBN)
Número (ISBN) 978-970-35--1397-0
035 ## - Otros números de control del sistema
Número de control del sistema 33010
099 ## - fechas locales
Tipo de ítem Koha LIBRO
100 ## - Datos de procesamiento general
Datos de procesamiento general 20111114d2008 m y0spay5003 ba
105 ## - Campo de datos codificados: Material textual, monográfico
Datos codificados de monografía y 001gy
200 1# - Título y mención de responsabilidad
Título propio Un día ...
Designación general del material texto impreso
Otra información del título poemas sintéticos
Primer mención de responsabilidad José Juan Tablada
205 ## - Declaración de edición
Declaración de edición 1a ed / Edición facsimilar
210 ## - Publicación, distribución, etc.
Lugar de publicación, distribución, etc. México
Nombre del editor, distribuidor, etc. Consejo Nacional para la Cultura y las Artes
Fecha de publicación, distribución, etc. 2008
215 ## - Descripción física
Designación de material específico y extensión del ítem 332 p
Dimensiones 19 cm
345 ## - Nota de información de adquisición
Fuente de adquisición/dirección de la suscripción [OBSOLETO] Donación 'Salon du Livre 2009'
410 #1 - Series
Título Abside
Nombre de parte o sección Poesía
700 ## - Nombre personal - Responsabilidad primaria
Elemento de entrada Aguilar Acuña Tablada y Osuna
Parte del nombre distinta del elemento de entrada José Juan de
Fechas 1871-1945
Número Koha 4091
801 #0 - Fuente de origen
País FR
Agencia cm
Reglas de catalogación (convenciones descriptivas) AFNOR
900 ## -
-- 1/20836
942 ## - ELEMENTOS DE ENTRADA SECUNDARIOS (KOHA)
Tipo de ítem Koha Livre
996 ## -
-- MEX
-- 751145101
-- MMAG
-- 000755
-- 861.4 T112D
-- 20111114LIV
Exemplaires
Estatus retirado Estado de daño Estado de pérdida Fecha de adquisición Biblioteca de origen Biblioteca actual Ubicación en estantería Código de barras Precio de reemplazo Signatura topográfica completa No para préstamo Tipo de ítem Koha Nota pública Nota no pública
      05/08/2025 Casa México Paris Casa México Paris   000755 05/08/2025 861.4 T112D   Livre 20111114LIV 751145101